[Event "TCh-CHN Women"]
[Site "Tianjing CHN"]
[Date "2003.09.02"]
[Round "3"]
[White "Ning Chunhong"]
[Black "Gu Xiaobing"]
[Result "0-1"]
[WhiteElo "2390"]
[BlackElo "2346"]

1.e4 c5 2.Nf3 d6 3.Bb5+ Nc6 4.O-O Bd7 5.Re1 Nf6 6.c3 a6 7.Bf1 Bg4 8.d4 cxd4
9.cxd4 e5 10.d5 Nd4 11.Be3 Nxf3+ 12.gxf3 Bd7 13.Nd2 b5 14.a4 Be7 15.axb5 axb5
16.Rxa8 Qxa8 17.Qb3 O-O 18.Rc1 Nh5 19.Rc7 Qd8 20.Ra7 f5 21.Bxb5 Bxb5 22.Qxb5 Bg5
23.Qd7 Bxe3 24.Qxd8 Bxf2+ 25.Kxf2 Rxd8 26.Rb7 fxe4 27.fxe4 Nf6 28.h3 g5 29.Ke3 h5
30.Nf3 g4 31.Ng5 gxh3 32.Nxh3 Rf8 33.b4 Ra8 34.Ng5 Ra3+ 35.Kf2 h4 36.b5 h3
37.Ne6 Ng4+ 38.Ke2 h2 39.Rb8+ Kh7 40.Nf8+ Kh6  0-1

[Event "LXXVII ch-ARG"]
[Site "Tres de Febrero ARG"]
[Date "2003.09.03"]
[Round "1"]
[White "Villanueva,Mar"]
[Black "Bronstein,L"]
[Result "1/2-1/2"]
[WhiteElo "2029"]
[BlackElo "2325"]

1.e4 c5 2.Nf3 d6 3.Bb5+ Bd7 4.Bxd7+ Nxd7 5.d4 cxd4 6.Qxd4 Ngf6 7.Nc3 e5 8.Qd3 Be7
9.Bg5 a6 10.O-O Rc8 11.Rad1 O-O 12.Rfe1 b5 13.a3 Re8 14.Bxf6 Nxf6 15.Nd2 Qb6
16.Nf1 b4 17.axb4 Qxb4 18.Rb1 a5 19.Ne3 Qc5 20.Re2 Rb8 21.Ncd5 Nxd5 22.Qxd5 Rec8
23.c3 a4 24.Qxc5 Rxc5 25.Ra1 Rcb5 26.Nd5 Bf8 27.Rxa4 Rxb2  1/2-1/2

[Event "V Open"]
[Site "Sants ESP"]
[Date "2003.09.04"]
[Round "6"]
[White "Munoz Pantoja,M"]
[Black "Escuder,J"]
[Result "1/2-1/2"]
[WhiteElo "2438"]
[BlackElo "2228"]

1.e4 c5 2.Nf3 d6 3.Bb5+ Bd7 4.Bxd7+ Qxd7 5.O-O Nf6 6.Re1 Nc6 7.d4 cxd4 8.Nxd4 e6
9.c4 Be7 10.Nc3 O-O 11.Nc2 Rac8 12.b3 Rfd8 13.Bb2 d5 14.cxd5 exd5 15.exd5 Nxd5
16.Nxd5 Qxd5 17.Ne3 Qxd1 18.Rexd1 Bc5 19.Nf5 g6 20.Nh6+ Kf8 21.Ng4 Bd4 22.Bxd4 Nxd4
23.Ne3 b5 24.Kf1 Ke7 25.Rd2 Rd6 26.Re1 Kf8 27.Red1 Rcd8 28.Nc2 Nf5 29.Rxd6 Rxd6
30.Rxd6 Nxd6 31.Nd4 Ke8 32.Nc6 Kd7 33.Nd4 Kc7 34.Ke2 Kb6 35.Kd3 Kc5 36.a3 a5
37.f3 Kd5 38.Ne2 b4 39.axb4 axb4 40.Nd4 Nb7 41.Nc2 Nc5+ 42.Ke3 Nxb3  1/2-1/2

[Event "Polish Extraleague"]
[Site "Lubniewice POL"]
[Date "2003.09.05"]
[Round "7"]
[White "Sendera,J"]
[Black "Bobras,P"]
[Result "1/2-1/2"]
[WhiteElo "2358"]
[BlackElo "2462"]

1.e4 c5 2.Nf3 d6 3.Bb5+ Bd7 4.Bxd7+ Qxd7 5.c4 Nc6 6.d4 cxd4 7.Nxd4 Nf6 8.Nc3 g6
9.f3 Bg7 10.Be3 O-O 11.O-O e6 12.Rc1 Ne5 13.b3 d5 14.exd5 exd5 15.c5 Rfe8
16.Qd2 a6 17.Rfd1  1/2-1/2

[Event "TCh-CHN Women"]
[Site "Tianjing CHN"]
[Date "2003.09.05"]
[Round "6"]
[White "Qin Kanying"]
[Black "Gu Xiaobing"]
[Result "0-1"]
[WhiteElo "2473"]
[BlackElo "2346"]

1.e4 c5 2.Nf3 d6 3.Bb5+ Nc6 4.Bxc6+ bxc6 5.O-O e5 6.c3 f5 7.Qa4 Qc7 8.exf5 Bxf5
9.d4 cxd4 10.cxd4 e4 11.Re1 Be7 12.Ng5 Nf6 13.Nc3 d5 14.f3 exf3 15.Nxf3 O-O
16.Bf4 Qxf4 17.Rxe7 Ne4 18.Re1 Rf6 19.Rxa7 Raf8 20.Ra8 Bc8 21.Qd1 Rg6 22.Qe2 Bh3
23.Rxf8+ Kxf8 24.Nxe4 dxe4 25.Qxe4 Rxg2+ 26.Kh1 Qxe4 27.Rxe4 Rf2 28.Re3 Bg2+
29.Kg1 Rxf3  0-1

[Event "FSIM September"]
[Site "Budapest HUN"]
[Date "2003.09.06"]
[Round "1"]
[White "Webb,L"]
[Black "Gerard,N"]
[Result "1/2-1/2"]
[WhiteElo "2325"]
[BlackElo "2285"]

1.e4 c5 2.Nf3 d6 3.Bb5+ Bd7 4.Bxd7+ Qxd7 5.c4 Nf6 6.Nc3 Nc6 7.d4 cxd4 8.Nxd4 Qg4
9.O-O Qxd1 10.Rxd1 Nxd4 11.Rxd4 Rc8 12.Bg5 Nd7 13.b3 g6 14.Rc1 Bg7 15.Rdd1 h6
16.Bh4 Bf6 17.Bxf6 Nxf6 18.f3 O-O 19.Kf2 a6 20.Ke3 Rc5 21.Na4 Rc6 22.Nb2 Rfc8
23.Nd3 Kf8 24.h3 a5 25.f4 Nd7 26.g3 Nc5 27.Rc3 Nxd3 28.Rcxd3 Rc5 29.Rd5 Ke8
30.f5 a4 31.Kf4 axb3 32.axb3 Ra8 33.Rxc5 dxc5 34.fxg6 fxg6 35.Ke5 Ra6 36.h4 Rc6
37.g4 b6 38.g5 hxg5 39.hxg5 Kf7 40.Rf1+ Kg7 41.Ra1 Rd6 42.Ra7 Kf7 43.Rb7 Re6+
44.Kf4 Rd6 45.e5 Rd4+ 46.Ke3 Ke6 47.Rxb6+ Kxe5 48.Rc6 Re4+ 49.Kd3 Rd4+ 50.Kc3 Rg4
51.Rxc5+ Ke4 52.Rc6 Kf5 53.b4 Rg3+ 54.Kc2 Rg2+ 55.Kc3 e5 56.b5 Rg3+ 57.Kd2 Rg2+
58.Ke3 Rg3+ 59.Kf2 Rb3 60.b6 Kxg5 61.c5 Kf4 62.Rxg6 Rb2+ 63.Ke1 Rb5 64.Rc6 Ke3
65.Kd1 Kd3 66.Kc1 e4 67.Rc7 e3 68.b7 e2 69.Rd7+ Kc4 70.Kd2 Kxc5  1/2-1/2

[Event "1st Misr Closed"]
[Site "Cairo EGY"]
[Date "2003.09.06"]
[Round "6"]
[White "Medvegy,Z"]
[Black "Adly,A"]
[Result "1/2-1/2"]
[WhiteElo "2498"]
[BlackElo "2429"]

1.e4 c5 2.Nf3 d6 3.Bb5+ Nd7 4.d4 cxd4 5.Qxd4 a6 6.Bxd7+ Bxd7 7.Bg5 h6 8.Bh4 Nf6
9.Bxf6 gxf6 10.Nc3 Rg8 11.Nd5 f5 12.O-O-O Rg4 13.Qb6 Qxb6 14.Nxb6 Rd8 15.Nxd7 Rxd7
16.exf5 Rxg2 17.Rhf1 Rg4 18.f6 e5 19.Ne1 Rf4 20.Ng2 Rxf6 21.f4 h5 22.Kd2 Bh6
23.Kd3 Rg6 24.Rf2 Rg4 25.Ne3 Rxf4 26.Rxf4 Bxf4 27.Nd5 Bg5 28.Ke4 h4 29.Kf5 f6
30.Ke6 Rd8 31.Rg1 Kf8 32.Nxf6 Bxf6 33.Kxf6 e4 34.Rg4 d5 35.Rxh4 Rd6+ 36.Ke5 Rb6
37.b3 Rc6 38.Kxd5 Rxc2 39.Rf4+ Ke7 40.Rxe4+ Kd7 41.a4 Rxh2 42.Kc4 Rh3 43.Rg4 Kc7
44.a5 Rh6 45.Rg7+ Kc6 46.Rg4 Rf6  1/2-1/2

[Event "LXXVII ch-ARG"]
[Site "Tres de Febrero ARG"]
[Date "2003.09.06"]
[Round "4"]
[White "Villanueva,Mar"]
[Black "Nogues,A"]
[Result "1/2-1/2"]
[WhiteElo "2029"]
[BlackElo "2235"]

1.e4 c5 2.Nf3 d6 3.Bb5+ Bd7 4.Bxd7+ Qxd7 5.O-O Nc6 6.c3 Nf6 7.d4 e6 8.d5 Ne5
9.Nxe5 dxe5 10.dxe6 Qxe6 11.Qa4+ Qd7 12.Qxd7+ Nxd7 13.Be3 Be7 14.Rd1 O-O-O
15.Nd2 b6 16.f3 h6 17.Nc4 Rhf8 18.Rd5 f6 19.Rad1 Nb8 20.Bc1 Rxd5 21.Rxd5 Na6
22.Ne3 Nc7 23.Rd1 Rd8 24.Rxd8+ Kxd8 25.Kf2 Ne6 26.Nf5 Bf8 27.Ke2 Kd7 28.a4 a6
29.Kd3  1/2-1/2

[Event "1st League TCh-SCG"]
[Site "Budva SCG"]
[Date "2003.09.07"]
[Round "9"]
[White "Markovic,Miros"]
[Black "Radovanovic,D"]
[Result "1-0"]
[WhiteElo "2525"]
[BlackElo "2319"]

1.e4 c5 2.Nf3 d6 3.Bb5+ Nc6 4.O-O Bd7 5.Re1 Nf6 6.c3 a6 7.Bxc6 Bxc6 8.d4 cxd4
9.cxd4 Bxe4 10.Bg5 Qa5 11.Nc3 Bxf3 12.Qxf3 Qxg5 13.Qxb7 Rd8 14.Qc6+ Rd7 15.d5 Qf5
16.Qc8+  1-0

[Event "Polish Extraleague"]
[Site "Lubniewice POL"]
[Date "2003.09.07"]
[Round "9"]
[White "Liwak,P"]
[Black "Jedynak,R"]
[Result "1/2-1/2"]
[WhiteElo "2313"]
[BlackElo "2453"]

1.e4 c5 2.Nf3 d6 3.Bb5+ Bd7 4.Bxd7+ Qxd7 5.O-O Nc6 6.c4 e5 7.d3 g6 8.Nc3 Bg7
9.Rb1 Nge7 10.Nd5 O-O 11.a3 Nxd5 12.cxd5 Nd4 13.Nxd4 cxd4 14.Qb3 f5 15.Bd2 f4
16.f3 g5 17.Rbc1 Rac8 18.a4 h5 19.Rxc8 Rxc8 20.Rc1 Rxc1+ 21.Bxc1 g4 22.Bd2 gxf3
23.gxf3 h4 24.Qb5 Qc8 25.Qb3 h3 26.Qd1 Bf6 27.Be1 Kf7 28.Kf1 Kg6 29.Qd2 Kh5
30.Qd1 a6 31.Qd2 b5 32.axb5 axb5 33.b4 Bh4 34.Bxh4 Kxh4 35.Ke2 Kh5 36.Kf1 Qc7
37.Qb2 Qa7 38.Kf2 Qa4 39.Ke1 Kg5 40.Ke2 Kf6 41.Ke1 Qa8 42.Ke2 Qh8 43.Kf1 Qh4
44.Qe2 Qg5 45.Qd2 Qg2+  1/2-1/2

[Event "1st Misr Closed"]
[Site "Cairo EGY"]
[Date "2003.09.08"]
[Round "9"]
[White "Jonkman,H"]
[Black "Savchenko,S"]
[Result "0-1"]
[WhiteElo "2424"]
[BlackElo "2560"]

1.e4 c5 2.Nf3 d6 3.Bb5+ Bd7 4.Bxd7+ Qxd7 5.O-O Nc6 6.c4 g6 7.d4 cxd4 8.Nxd4 Bg7
9.Be3 Nf6 10.f3 O-O 11.Nc3 a6 12.a4 Rac8 13.Nde2 e6 14.Rb1 Qc7 15.Qd2 Nd7
16.Rfd1 Na5 17.b3 Nc5 18.Qa2 Ncxb3 19.Rxb3 Nxb3 20.Qxb3 Qxc4 21.Qxc4 Rxc4
22.Bd4 Bxd4+ 23.Rxd4 Rxd4 24.Nxd4 Rc8 25.Nde2 Rc4 26.Kf2 d5 27.exd5 exd5
28.Nxd5 Rxa4 29.Nec3 Ra1 30.Ke3 h5 31.h3 Kg7 32.Kd4 Rc1 33.Kd3 Rg1 34.Ne3 Kf6
35.f4 Ke6 36.Ne4 Rc1 37.Ng5+ Ke7 38.Nd5+ Kf8 39.f5 Rd1+ 40.Kc4 b5+ 41.Kc5 gxf5
42.Nf3 a5 43.Ne3 Rd3 44.Nd5 a4 45.Nb4 a3 46.Kxb5 Rb3 47.Nd4 Rg3 48.Ka4 Rxg2
49.Kxa3 f4 50.Ka4 Rd2 51.Nf3 Rf2 52.Nd4 f3 53.Nf5 Re2 54.Nd5 Re5 55.Nde3 f2  0-1

[Event "56th ch-RUS"]
[Site "Krasnoyarsk RUS"]
[Date "2003.09.08"]
[Round "5"]
[White "Glek,I"]
[Black "Klimov,S"]
[Result "1-0"]
[WhiteElo "2566"]
[BlackElo "2512"]

1.e4 c5 2.Nf3 d6 3.Bb5+ Bd7 4.Bxd7+ Qxd7 5.O-O Nc6 6.c3 Nf6 7.d4 Nxe4 8.d5 Nd8
9.Re1 Nf6 10.Bg5 Ng8 11.b4 h6 12.Be3 cxb4 13.Bd4 Nf6 14.Bxf6 gxf6 15.cxb4 Bg7
16.Nbd2 f5 17.Rc1 O-O 18.Nh4 e6 19.Nc4 Rc8 20.g3 b5 21.Ne3 Rxc1 22.Qxc1 f4
23.gxf4 Qe7 24.Nhg2 Qf6 25.Qc7 Qb2 26.Qxd6 Qxa2 27.f5 Qb2 28.h3 Qd4 29.Rd1 Qe5
30.Qd7 Qe4 31.Qxb5 exf5 32.Qd7 f4 33.Nf5 f3 34.Nge3 Kh7 35.Nxg7 Kxg7 36.Kh1 Kh8
37.Rg1 Qh4 38.Qf5 Rg8 39.Qxf3 Rxg1+ 40.Kxg1  1-0

[Event "FSIM September"]
[Site "Budapest HUN"]
[Date "2003.09.09"]
[Round "4"]
[White "Webb,L"]
[Black "Szabo,K"]
[Result "1-0"]
[WhiteElo "2325"]
[BlackElo "2277"]

1.e4 c5 2.Nf3 d6 3.Bb5+ Bd7 4.Bxd7+ Nxd7 5.O-O Ngf6 6.Qe2 e6 7.b3 Be7 8.Bb2 O-O
9.c4 a6 10.Nc3 Ne5 11.Rad1 Nfd7 12.d4 Nxf3+ 13.Qxf3 cxd4 14.Rxd4 Qc7 15.Rfd1 Rfd8
16.Qg3 Rac8 17.R4d2 Bf8 18.Ne2 Nc5 19.f3 b5 20.cxb5 axb5 21.Nf4 e5 22.Nd5 Qa7
23.Qf2 Rd7 24.Rc1 Qb7 25.b4 Na4 26.Rxc8 Qxc8 27.Rc2 Qb7 28.Bc1 f5 29.g3 fxe4
30.fxe4 Rf7 31.Qe2 Nb6 32.Nxb6 Qxb6+ 33.Be3 Qb7 34.Qd3 g6 35.Kg2 Kg7 36.a3 Rd7
37.Qd5 Qxd5 38.exd5 Be7 39.Kf3 Bd8 40.Ke4 Rc7 41.Rc6 Rxc6 42.dxc6 Kf7 43.Kd5 Bc7
44.Bg5 h5 45.h3 Ke8 46.Ke6 e4 47.Kd5 Kf7 48.g4 hxg4 49.hxg4 Bb8 50.Bf4 Ke7
51.Be3 Bc7 52.Ba7 Kf6 53.Bd4+ Kf7 54.Kxe4 Ke6 55.a4 bxa4 56.b5 a3 57.b6 d5+
58.Kd3 Bd6 59.Kc2 Ke7 60.Kb3 Ke8 61.Be3 Kd8 62.Bc1 d4 63.Bxa3 Bf4 64.Kc4 Be5
65.Bb2 d3 66.Bxe5 d2 67.b7  1-0

[Event "14th ch-NATO"]
[Site "Hoevelte DEN"]
[Date "2003.09.09"]
[Round "2"]
[White "Agergaard,L"]
[Black "Listowiecki,T"]
[Result "1/2-1/2"]
[WhiteElo "2200"]
[BlackElo "2075"]

1.e4 c5 2.Nf3 d6 3.Bb5+ Bd7 4.Bxd7+ Qxd7 5.O-O Nc6 6.Re1 e5 7.d3 Be7 8.c3 Bd8
9.Na3 Nf6 10.Nc4 O-O 11.a4 Bc7 12.d4 exd4 13.cxd4 d5 14.Nce5 Qd8 15.Nxc6 bxc6
16.e5 Ne4 17.dxc5 Nxc5 18.Be3 Ne6 19.Nd4 Nxd4 20.Bxd4 Bb6 21.Rc1 Rc8 22.b4 Qh4
23.Bxb6 axb6 24.Qd2 Rfd8 25.e6 Qe7 26.Qd4 fxe6 27.Qxb6 Qd6 28.a5 d4 29.Red1 e5
30.Rc5 Rb8 31.Qxc6 Rxb4 32.a6 Qxc6 33.Rxc6 Ra4 34.f3 Ra8 35.Re6 R8xa6 36.Rxe5 Rd6
37.Re4 Kf7 38.Rd2 Rd7 39.Kf2 h6 40.h4  1/2-1/2

[Event "56th ch-RUS"]
[Site "Krasnoyarsk RUS"]
[Date "2003.09.09"]
[Round "6"]
[White "Glek,I"]
[Black "Shipov,S"]
[Result "1/2-1/2"]
[WhiteElo "2566"]
[BlackElo "2589"]

1.e4 c5 2.Nf3 d6 3.Bb5+ Bd7 4.Bxd7+ Qxd7 5.O-O Nf6 6.Re1 Nc6 7.c3 e6 8.d3 Be7
9.Bg5 h6 10.Bh4 d5 11.Nbd2 O-O 12.e5 Nh7 13.Bxe7 Qxe7 14.h4 b5 15.Qe2 c4
16.dxc4 bxc4 17.b3 cxb3 18.axb3 a5 19.Ra4 Qc5 20.c4 Rfe8 21.Qd1 Nf8 22.Qa1 Nd7
23.cxd5 Qxd5 24.Rg4 Nc5 25.Qc3 Rec8 26.Qe3 Kf8 27.Rc1 Ne7 28.Rgc4 Nd3 29.Rxc8+ Rxc8
30.Rxc8+ Nxc8 31.Qe4 Qxe4 32.Nxe4 Nb6 33.Ned2 Ke7 34.Kf1 Kd7 35.g3 Kc6 36.Ke2 Nc5
37.Ne1 Kd5 38.f4 Kd4 39.Nc2+ Kc3 40.Na3 Nxb3 41.Nb5+ Kb4 42.Nd6 a4 43.Nb1 a3
44.Nxa3 Kxa3 45.Nxf7 Kb4 46.Kf3 Nd5 47.g4 Kc4 48.f5 Kd3 49.f6 Nd4+ 50.Kg3 gxf6
51.exf6 Nxf6 52.g5 Ne2+ 53.Kf3 hxg5 54.hxg5 Nd5 55.Ne5+ Kd4 56.Nc6+ Kc5 57.Ne5 Nef4
58.Ke4 Ne7  1/2-1/2

[Event "LXXVII ch-ARG"]
[Site "Tres de Febrero ARG"]
[Date "2003.09.10"]
[Round "8"]
[White "Bronstein,L"]
[Black "Nogues,A"]
[Result "1-0"]
[WhiteElo "2325"]
[BlackElo "2235"]

1.e4 c5 2.Nf3 d6 3.Bb5+ Bd7 4.Bxd7+ Qxd7 5.O-O Nc6 6.c4 g6 7.d4 cxd4 8.Nxd4 Bg7
9.Be3 Nf6 10.f3 O-O 11.Nc3 Rfe8 12.Rc1 Qc7 13.b3 Nd7 14.Qd2 Bxd4 15.Bxd4 Nxd4
16.Qxd4 Qc5 17.Qxc5 Nxc5 18.Rfd1 b6 19.Kf2 Rad8 20.Nb5 Kg7 21.Rc2 Rd7 22.b4 Ne6
23.e5 Rc8 24.exd6 a6 25.Na3 Kf6 26.Rcd2 Rcd8 27.dxe7 Kxe7 28.Rxd7+ Rxd7 29.Rxd7+ Kxd7
30.Ke3 a5 31.bxa5 bxa5 32.Nb5 f5 33.Nd4 Ng5 34.Nb3 Kd6 35.Nxa5 Kc5 36.Kf4 Nf7
37.h4  1-0

[Event "FSIM September"]
[Site "Budapest HUN"]
[Date "2003.09.11"]
[Round "6"]
[White "Webb,L"]
[Black "Gonda,L"]
[Result "1/2-1/2"]
[WhiteElo "2325"]
[BlackElo "2449"]

1.e4 c5 2.Nf3 d6 3.Bb5+ Nd7 4.d4 cxd4 5.Qxd4 a6 6.Bxd7+ Bxd7 7.Nc3 Rc8 8.O-O e5
9.Qd3 h6 10.Nd2 Nf6 11.Nc4 Be6 12.Ne3 Be7 13.Ncd5 Nxd5 14.Nxd5 Bxd5 15.Qxd5 Rxc2
16.Qxb7 Qc8 17.Qxc8+ Rxc8 18.Bd2 Kd7 19.Rac1 Ke6 20.f3 d5 21.Kf2 f5  1/2-1/2

[Event "14th ch-NATO"]
[Site "Hoevelte DEN"]
[Date "2003.09.11"]
[Round "6"]
[White "Indbryn,T"]
[Black "Listowiecki,T"]
[Result "1-0"]
[WhiteElo "2131"]
[BlackElo "2075"]

1.e4 c5 2.Nf3 d6 3.Bb5+ Bd7 4.Bxd7+ Qxd7 5.O-O Nf6 6.Qe2 e5 7.c3 Be7 8.d4 Nc6
9.Na3 O-O 10.dxc5 dxc5 11.Bg5 Rad8 12.Nc4 Ng4 13.Rfd1 Qc7 14.Bxe7 Qxe7 15.h3 Nf6
16.Ne3 h6 17.Nd5 Qe6 18.Nxf6+ Qxf6 19.Rd5 b6 20.Rad1 Qe7 21.Qb5 Qe6 22.b4 cxb4
23.cxb4 f6 24.a3 Rfe8 25.Qa4 Rc8 26.Qa6 Rc7 27.Rd6 Qb3 28.R6d3 Qf7 29.Qb5 Ree7
30.Rd6 Red7 31.R1d5 Nb8 32.Nh4 Rxd6 33.Rxd6 Rd7 34.Qd3 g6 35.Nf3 Kg7 36.Nh2 Qe7
37.Rd5 Qd8 38.Ng4 Rxd5 39.exd5 Qd6 40.Qd2 g5 41.Ne3 Qd7 42.g4 Nc6 43.Nf5+ Kf8
44.d6 h5 45.f3 Nd8 46.Qd5 hxg4 47.hxg4 Qc6 48.Qd3 Ke8 49.Ng7+ Kf8 50.Nh5 Qc1+
51.Kh2 Qb2+ 52.Kg3 Qa1 53.Kg2 Qb2+ 54.Kf1 Qc1+ 55.Kf2 Qb2+ 56.Ke3  1-0

[Event "56th ch-RUS"]
[Site "Krasnoyarsk RUS"]
[Date "2003.09.11"]
[Round "8"]
[White "Morozevich,A"]
[Black "Najer,E"]
[Result "1-0"]
[WhiteElo "2679"]
[BlackElo "2608"]

1.e4 c5 2.Nf3 d6 3.Bb5+ Bd7 4.Bxd7+ Qxd7 5.O-O Nc6 6.Re1 Nf6 7.c3 e6 8.d3 Be7
9.Nbd2 O-O 10.Nf1 Rfd8 11.Ng3 Ne5 12.Ng5 c4 13.d4 Nd3 14.Re2 b5 15.Nf3 b4
16.Ne1 bxc3 17.bxc3 Nxc1 18.Rxc1 Rab8 19.Nf3 d5 20.Ne5 Qb7 21.Qa4 Rdc8 22.f3 Bf8
23.Rf1 Rc7 24.Qc2 g6 25.Qc1 Qc8 26.Nh1 Qa6 27.Nf2 Qa3 28.Qf4 Nh5 29.Qe3 Rcb7
30.exd5 exd5 31.f4 Rb1 32.Nd1 Qa4 33.Ree1 f5 34.g4 Ng7 35.Qf3 Rd8 36.Ne3 Rxe1
37.Rxe1 Qa5 38.Rd1 fxg4 39.N3xg4 Nf5 40.Nc6  1-0

[Event "56th ch-RUS"]
[Site "Krasnoyarsk RUS"]
[Date "2003.09.11"]
[Round "8"]
[White "Landa,K"]
[Black "Grigoriants,S RUS"]
[Result "1/2-1/2"]
[WhiteElo "2614"]
[BlackElo "2499"]

1.e4 c5 2.Nf3 d6 3.Bb5+ Bd7 4.Bxd7+ Nxd7 5.O-O Ngf6 6.Qe2 e6 7.b3 Be7 8.Bb2 O-O
9.d3 Nb8 10.c4 Nc6 11.Rd1 e5 12.Nc3 Nd4 13.Nxd4 cxd4 14.Nb1 g6 15.Bc1 Nh5
16.Bh6 Re8 17.Qg4  1/2-1/2

[Event "TCh-CRO"]
[Site "Rabac CRO"]
[Date "2003.09.12"]
[Round "6"]
[White "Klaric,Zl"]
[Black "Berebora,F"]
[Result "1-0"]
[WhiteElo "2416"]
[BlackElo "2388"]

1.e4 c5 2.Nf3 d6 3.Bb5+ Nc6 4.O-O Bd7 5.c3 Nf6 6.Re1 a6 7.Bxc6 Bxc6 8.d4 Bxe4
9.Bg5 Bd5 10.Nbd2 c4 11.b3 b5 12.bxc4 bxc4 13.Bxf6 gxf6 14.Nh4 Rg8 15.Nf1 Bh6
16.Qh5 Bg5 17.Nf5 e6 18.Qxh7 Kf8 19.Nh6 Bxh6 20.Qxh6+ Rg7 21.Ne3 Be4 22.Ng4 Bxg2
23.Re3 Be4 24.Rg3 Bg6 25.h4 f5 26.h5 fxg4 27.hxg6 Ra7 28.Qh8+ Rg8 29.g7+ Ke7
30.Qh6 Qa5 31.Qh7 Raa8 32.Rb1 Qd5 33.Rxg4 Kd7 34.Qh6 f5  1-0

[Event "EYb14"]
[Site "Budva YUG"]
[Date "2003.09.13"]
[Round "1"]
[White "Can,E"]
[Black "Andriasian,Z"]
[Result "0-1"]
[WhiteElo "2198"]
[BlackElo "2311"]

1.e4 c5 2.Nf3 d6 3.Bb5+ Bd7 4.Bxd7+ Qxd7 5.O-O Nc6 6.c3 Nf6 7.d4 Nxe4 8.d5 Nb8
9.Re1 Nf6 10.Bg5 h6 11.Bxf6 gxf6 12.Nbd2 Rg8 13.Ne4 Kd8 14.Ng3 Na6 15.Qd3 Rg6
16.Re2 Kc7 17.b4 Rc8 18.b5 c4 19.Qxc4+ Kb8 20.Qb3 Nc5 21.Qb4 f5 22.Rb1 Rg4
23.Nd4 e5 24.dxe6 fxe6 25.f3 Rg6 26.Qa5 b6 27.Qb4 d5 28.Nc6+ Rxc6 29.bxc6 Qxc6
30.Qb5 Qxb5 31.Rxb5 Bd6 32.Nf1 Kc7 33.Rb1 Nd3 34.g3 Kc6 35.Kh1 h5 36.Rd1 Nc5
37.Rd4 b5 38.Ne3 Na4 39.Rc2 Bc5 40.Rd3 Nb6 41.f4 a5 42.Ng2 Nc4 43.Nh4 Rg7
44.Re2 Kd6 45.Rd1 Kd7 46.Rde1 Re7 47.Ng6 Re8 48.Ne5+ Nxe5 49.Rxe5 Bd6 50.R5e2 Bf8
51.Kg2 Bg7 52.Re3 Kd6 53.Rb1 Kc5 54.Rbe1 a4 55.Kf3 Kc4 56.Rxe6 Rxe6 57.Rxe6 Kxc3
58.Rc6+ Kb4 59.Rb6 Bd4 60.Rb8 Kc4 61.Ke2 b4 62.Ra8 a3 63.Rb8 Kc3 64.Kd1 Bg1
65.Rc8+ Kb2 66.Rc2+ Kb1 67.Rg2 Bd4 68.Rd2 Bc3 69.Rc2 d4  0-1

[Event "EYb16"]
[Site "Budva YUG"]
[Date "2003.09.14"]
[Round "2"]
[White "Meier,Geo"]
[Black "Jurcik,Mari"]
[Result "1-0"]
[WhiteElo "2301"]
[BlackElo "2164"]

1.e4 c5 2.Nf3 d6 3.Bb5+ Nc6 4.O-O Bd7 5.Re1 a6 6.Bxc6 Bxc6 7.d4 cxd4 8.Nxd4 e6
9.Nc3 Be7 10.Qg4 Bf6 11.Nxc6 bxc6 12.Bf4 e5 13.Rad1 Qd7 14.Qxd7+ Kxd7 15.Bc1 Kc7
16.b3 Be7 17.Ba3 Nf6 18.Rd3 Rhd8 19.Red1 Nh5 20.Bc1 g6 21.Rh3 Rh8 22.Rf3 f6
23.Bh6 Bf8 24.Be3 Be7 25.a4 a5 26.Bh6 Bf8 27.Bc1 Be7 28.Nb1 Ng7 29.Na3 Ne6
30.Bb2 Nc5 31.Re3 Rhd8 32.Kf1 Bf8 33.Re2 Rd7 34.f4 Be7 35.g3 Ne6 36.fxe5 dxe5
37.Rxd7+ Kxd7 38.Nc4 Kc7 39.h4 Bc5 40.Rd2 h5 41.Kg2 g5 42.hxg5 Nxg5 43.Re2 Ne6
44.Bc3 h4 45.Bxa5+ Kb7 46.Be1 Rg8 47.Kh3 Ng5+ 48.Kxh4 Nf3+ 49.Kh5 Rg5+ 50.Kh6 Bf8+
51.Kh7 Rg7+ 52.Kh8 Ng5 53.Nd6+ Kb8 54.Rh2 Rg6 55.Ne8 Nf3 56.Rh1 Kc8 57.Kh7 Rg4
58.Rf1 Ng5+ 59.Kg6 Nf3+ 60.Kf5 Rg5+ 61.Kxf6 Kd7 62.Rxf3 Rg4 63.Kf5  1-0

[Event "EYb16"]
[Site "Budva YUG"]
[Date "2003.09.14"]
[Round "2"]
[White "Magalashvili,D"]
[Black "Mamedov,Rau"]
[Result "1/2-1/2"]
[WhiteElo "2250"]
[BlackElo "2409"]

1.e4 c5 2.Nf3 d6 3.Bb5+ Nc6 4.O-O a6 5.Bxc6+ bxc6 6.Re1 e5 7.c3 Bg4 8.d3 Be7
9.Nbd2 Nf6 10.Nc4 O-O 11.Ne3 Be6 12.Qc2 Rc8 13.d4 cxd4 14.cxd4 d5 15.Nxe5 Bb4
16.Bd2 Bxd2 17.Qxd2 Nxe4 18.Qe2 Qb6 19.Rac1 a5 20.f3 Nd6 21.Red1 Nb5 22.Qd2 c5
23.dxc5 Rxc5 24.Nd3 Rxc1 25.Rxc1 Nd6 26.Nc5 Nc4 27.Nxc4 dxc4 28.Qf2 Rb8 29.Nxe6 Qxf2+
30.Kxf2 Rxb2+ 31.Kg3 fxe6 32.Rxc4 Rxa2 33.Rc7 Kf8 34.Ra7 h6 35.h4 a4 36.h5 a3
37.Kh3 Ra1 38.Kg4 a2 39.g3 e5 40.Ra8+ Ke7 41.Ra7+ Kd6 42.Ra6+ Kc5 43.Ra8 Kd4
44.Rd8+ Ke3 45.Ra8 Kf2 46.Ra5 Kg2 47.Ra3 Kh2 48.Kh4 Kg2 49.Kg4 Kh2 50.Kh4 Rg1
51.Rxa2+ Rg2 52.Ra5 Rxg3 53.Rxe5 Rxf3 54.Re2+ Kh1 55.Re7 Kh2 56.Re2+ Kh1
57.Re7 Ra3 58.Rxg7 Kh2  1/2-1/2

[Event "EYb16"]
[Site "Budva YUG"]
[Date "2003.09.15"]
[Round "3"]
[White "Papin,V"]
[Black "Mikkelsen,N"]
[Result "1-0"]
[WhiteElo "2374"]
[BlackElo "2104"]

1.e4 c5 2.Nf3 d6 3.Bb5+ Bd7 4.Bxd7+ Qxd7 5.O-O Nc6 6.c3 Nf6 7.Re1 e6 8.d4 cxd4
9.cxd4 d5 10.e5 Ne4 11.Re2 Be7 12.Ne1 f6 13.f3 Ng5 14.Nc3 O-O 15.exf6 gxf6
16.Be3 Rae8 17.Qd2 Bd8 18.Kh1 Qg7 19.Bg1 f5 20.Nc2 Bc7 21.Rae1 Rd8 22.h4 Nf7
23.Rxe6 Bg3 24.Bf2 f4 25.Kg1 Bxf2+ 26.Qxf2 Nh6 27.b4 Nf5 28.Ne2 Nd6 29.Kh2 Rf6
30.Rxf6 Qxf6 31.g3 fxg3+ 32.Qxg3+ Kh8 33.Ne3 Nxd4 34.Nxd4 Qxd4 35.Ng4 Nf5
36.Qc7 Rg8 37.Qe5+ Qxe5+ 38.Rxe5 Nxh4 39.Kg3 Ng6 40.Rxd5 Rf8 41.Rc5 b6 42.Rc7 h5
43.Nh2 Ra8 44.Rb7 Ne5 45.Kh4 a5 46.b5 Rf8 47.Kxh5 Nxf3 48.Ng4 Kg8 49.Kg6 Nd4
50.a4 Rd8 51.Nf6+ Kf8 52.Rf7+  1-0

[Event "EYb16"]
[Site "Budva YUG"]
[Date "2003.09.15"]
[Round "3"]
[White "Valeanu,E"]
[Black "Ragger,M"]
[Result "1-0"]
[WhiteElo "2222"]
[BlackElo "2347"]

1.e4 c5 2.Nf3 d6 3.Bb5+ Bd7 4.Bxd7+ Qxd7 5.c4 e5 6.Nc3 Nc6 7.d3 g6 8.Nd5 Bg7
9.O-O Nge7 10.Bg5 O-O 11.Nxe7+ Nxe7 12.Bxe7 Qxe7 13.Nd2 f5 14.Nb1 Qh4 15.Nc3 Rae8
16.Qe2 g5 17.exf5 Rxf5 18.Qe4 Rf6 19.Qxh4 gxh4 20.Rae1 h3 21.g3 Rd8 22.Nd5 Rf3
23.Re3 Rdf8 24.b3 Bh6 25.Rxf3 Rxf3 26.Rd1 Kf7 27.Kf1 Ke6 28.Ke2 Rf7 29.f3 Bf8
30.Nc3 Rf6 31.a3 Be7 32.Nb5 a6 33.Nc7+ Kd7 34.Nd5 Rf7 35.Ke3 Ke6 36.f4 exf4+
37.Nxf4+ Ke5 38.d4+ cxd4+ 39.Rxd4 Rf5 40.Re4+ Kf6 41.Nd5+ Rxd5 42.cxd5 Kf7
43.Kf4  1-0

[Event "Osen I"]
[Site "Alushta UKR"]
[Date "2003.09.16"]
[Round "2"]
[White "Onoprienko,V"]
[Black "Nalbandian,T"]
[Result "0-1"]
[WhiteElo "2403"]
[BlackElo "2478"]

1.e4 c5 2.Nf3 d6 3.Bb5+ Bd7 4.Bxd7+ Qxd7 5.O-O Nc6 6.Re1 Nf6 7.d3 e6 8.Nbd2 Be7
9.Nf1 O-O-O 10.a3 d5 11.exd5 Nxd5 12.Ne3 Nxe3 13.Bxe3 Qd5 14.c4 Qxd3 15.Qa4 a6
16.b4 Qxc4 17.Rac1 Qb5 18.Qxb5 axb5 19.Bxc5 Bxc5 20.Rxc5 Rd5 21.Rxd5 exd5
22.Ng5 f6 23.Nf7 Rg8 24.Nd6+ Kc7 25.Nxb5+ Kb6 26.Nc3 d4 27.Nd5+ Kb5 28.Rc1 Ka4
29.Kf1 Rd8 30.Rc5 Kxa3 31.b5 Na5 32.Nf4 d3 33.Rc3+ Kb4 34.Rxd3 Rxd3 35.Nxd3+ Kxb5
36.Ke2 Kc4 37.Nf4 b5 38.Nh5 Kc3 39.Nxg7 b4 40.Ne6 b3 41.Nc5 Kc4 42.Nd3 Kd4
43.h4 Nc4 44.g3 f5 45.h5 b2 46.Nxb2 Nxb2 47.Kf3 Ke5  0-1

[Event "Osen I"]
[Site "Alushta UKR"]
[Date "2003.09.16"]
[Round "3"]
[White "Zavgorodniy,S"]
[Black "Kanep,M"]
[Result "1-0"]
[WhiteElo "2409"]
[BlackElo "2470"]

1.e4 c5 2.Nf3 d6 3.Bb5+ Nd7 4.d4 Nf6 5.O-O cxd4 6.Qxd4 e5 7.Qd3 h6 8.c4 Be7
9.Nc3 O-O 10.Bxd7 Bxd7 11.Be3 a6 12.a4 Rc8 13.a5 Bc6 14.Rfd1 Qd7 15.h3 Kh7
16.b3 g5 17.Nh2 g4 18.hxg4 Nxg4 19.Nd5 Bxd5 20.Nxg4 Qxg4 21.Qxd5 Rg8 22.Qxf7+ Kh8
23.g3 Rcf8 24.Qxe7 Rf3 25.Kh2 Rxg3 26.Qf6+ Rg7 27.Qf8+ Kh7 28.Qf5+ Rg6 29.Qxg4 R3xg4
30.Kh3 Rxe4 31.Rg1 Rf6 32.Rg4  1-0

[Event "EYb16"]
[Site "Budva YUG"]
[Date "2003.09.16"]
[Round "4"]
[White "Kuzmicz,K"]
[Black "Miron,L"]
[Result "1-0"]
[WhiteElo "2312"]
[BlackElo "2175"]

1.e4 c5 2.Nf3 d6 3.Bb5+ Bd7 4.Bxd7+ Qxd7 5.O-O Nf6 6.e5 dxe5 7.Nxe5 Qc7 8.d4 cxd4
9.Bf4 Qb6 10.Nd2 e6 11.Nb3 Nc6 12.Nxc6 Qxc6 13.Nxd4 Qd7 14.Be5 Bd6 15.Bxf6 gxf6
16.Qf3 f5 17.Rad1 a6 18.Nxf5 exf5 19.Qe3+  1-0

[Event "Osen I"]
[Site "Alushta UKR"]
[Date "2003.09.17"]
[Round "4"]
[White "Shtyrenkov,V"]
[Black "Nalbandian,T"]
[Result "1/2-1/2"]
[WhiteElo "2514"]
[BlackElo "2478"]

1.e4 c5 2.Nf3 d6 3.Bb5+ Bd7 4.Bxd7+ Qxd7 5.c4 Nf6 6.Nc3 g6 7.d4 cxd4 8.Nxd4 Bg7
9.f3 Nc6 10.Nde2 O-O 11.O-O Rac8 12.Bg5  1/2-1/2

[Event "EYb16"]
[Site "Budva YUG"]
[Date "2003.09.17"]
[Round "5"]
[White "Mamedov,Rau"]
[Black "Valeanu,E"]
[Result "1-0"]
[WhiteElo "2409"]
[BlackElo "2222"]

1.e4 c5 2.Nf3 d6 3.Bb5+ Nc6 4.O-O Bd7 5.Re1 Nf6 6.h3 e6 7.c3 Be7 8.d4 cxd4
9.cxd4 d5 10.exd5 Nxd5 11.Nc3 Nxc3 12.bxc3 O-O 13.Bd3 Rc8 14.Qe2 Bf6 15.Rb1 Na5
16.Ne5 Bc6 17.Nxc6 bxc6 18.Ba3 Re8 19.Bc5 Qc7 20.Qc2 g6 21.Qa4 e5 22.Ba6 Rb8
23.Rxb8 Rxb8 24.dxe5 Bxe5 25.Rxe5 Qxe5 26.Qxa5 Rb1+ 27.Bf1 Qd5 28.f3 Qd3
29.Kh2 Qd5 30.Qxa7 Rxf1 31.Qe7 Kg7 32.Bd4+ Kh6 33.g4  1-0